Sports Quiz

Random Sports or Numbers Quiz
Score 0/13 Timer 05:00
0 Plays Today
Number Name % Correct
50Emeka Okafor
97.6%
4Ben Gordon
95%
21Josh Boone
80.5%
33Denham Brown
78.6%
12Taliek Brown
77.7%
N/AJim Calhoun
75.1%
31Rashad Anderson
74.2%
3Charlie Villanueva
74%
5Marcus Williams
70.2%
11Hilton Armstrong
68.3%
32Ed Nelson
32.2%
30Shammond Tooles
25.4%
23Marcus White
19.7%
Remove Ads.
Support Sporcle.
Get the best of Sporcle when you Go Orange. This ad-free experience offers more features, more stats, and more fun while also helping to support Sporcle. Thank you for becoming a member.

You're not logged in!

Compare scores with friends on all Sporcle quizzes.
OR
Log In

Sporcle TV

Today on Sporcle TV


Watch our educational content, quiz creation guides, and fun videos on Sporcle TV.

Show Comments

Extras

Top Quizzes Today


Score Distribution

Paid Content

Your Account Isn't Verified!

In order to create a playlist on Sporcle, you need to verify the email address you used during registration. Go to your Sporcle Settings to finish the process.

Report this User

Report this user for behavior that violates our Community Guidelines.

Details: